Peterson's graduate and professional : An overview

Contents: Directory of graduate and professional programs by field, directory of institutions and their offerings, profiles of institutions offering graduate and professional work

সংরক্ষণ করুন:
গ্রন্থ-পঞ্জীর বিবরন
বিন্যাস: গ্রন্থ
ভাষা:Undetermined
প্রকাশিত: Lawrenceville, NJ. Thomson Peterson's 2008
বিষয়গুলি:
ট্যাগগুলো: ট্যাগ যুক্ত করুন
কোনো ট্যাগ নেই, প্রথমজন হিসাবে ট্যাগ করুন!
Thư viện lưu trữ: Trung tâm Học liệu Trường Đại học Cần Thơ
LEADER 00813nam a2200217Ia 4500
001 CTU_156964
008 210402s9999 xx 000 0 und d
020 |c 9.27 
082 |a 378.1553 
082 |b P485/T.1 
245 0 |a Peterson's graduate and professional : 
245 3 |b An overview 
260 |a Lawrenceville, NJ. 
260 |b Thomson Peterson's 
260 |c 2008 
520 |a Contents: Directory of graduate and professional programs by field, directory of institutions and their offerings, profiles of institutions offering graduate and professional work 
650 |a Universities and colleges,Education, Graduate 
650 |x Graduate work,Directories.,Directories 
650 |z United States,United States 
904 |i Tuyến 
980 |a Trung tâm Học liệu Trường Đại học Cần Thơ